|
|
|
|
| LEADER |
00000nam a2200000 4500 |
| 001 |
vtls012273885 |
| 003 |
SK-MaSNL |
| 005 |
20260301152248.0 |
| 008 |
250324s1704 gw a f 000 0 ger |
| 015 |
|
|
|a SNBHFA
|
| 040 |
|
|
|a SNKHF
|b slo
|c SNKHF
|e rda
|
| 041 |
0 |
|
|a ger
|
| 044 |
|
|
|a gw
|c DE
|
| 072 |
|
7 |
|a 623
|x Vojenská technika
|2 konspekt
|
| 080 |
|
|
|a 623.1/.3
|2 2011
|
| 080 |
|
|
|a 355/359
|2 2011
|
| 100 |
1 |
|
|a Sturm, Leonhard Christoph,
|d 1669-1719
|4 aut
|9 373281
|
| 245 |
1 |
0 |
|a Entdeckung Der Unstreitig allerbesten Manier zu Befestigen/ Aus Herrn George Rimplers, Weiland Höchst-meritirten Käyserl. Maj. Obr. Lieuten. und Ober-Ingenieurs, Befestigter Festung heraus gezogen, Mit unwidersprechlichen Beweißthümern, durch unpartheyische und accurate Vergleichung mit den berühmtesten Manieren zu Fortificiren, Insonderheit aber Durch eine gantz genaue Vergleichung mit der Weitberühmten Festung Neu-Brisach Kräfftig bestärcket, Und dieser mit vorurtheilen sehr eingenommenen Zeit zur Versuchung, dem Gutachten unpartheyischer und gründlich-erfahrner Ingenieur ausgestellet
|c Leonhard Christoph Sturms, Math. Prof. Ord. zu Franckf. an der Oder, und der Königl. Societaet der Wissenschafften zu Berlin Mit-Glieds
|
| 264 |
|
1 |
|a Franckfurt an der Oder
|b Verl. Jerem. Schrey
|c 1704
|
| 264 |
|
3 |
|a Franckfurt an der Oder
|b Joh. Christoph Hartmann
|c 1704
|
| 300 |
|
|
|a 13 nečíslovaných listov, 176 strán
|b ilustrácie
|c 8°
|
| 336 |
|
|
|a text
|b txt
|2 rdacontent
|
| 337 |
|
|
|a bez média
|b n
|2 rdamedia
|
| 338 |
|
|
|a zväzok
|b nc
|2 rdacarrier
|
| 500 |
|
|
|a Signet, vinety, vlysy, iniciálka s ornamentálnym pozadím vo voľnom priestore na 2, 4 riadky
|
| 501 |
|
|
|a Príväzok 3. k: STURM, Leonhard Christoph.[Kurtzer Begriff Der gesamten Mathesis]. [Franckfurt an der Oder]: [verlegts Jer. Schrey und Joh. Chr. Hartmann]. [1710]. 8°.
|5 SNK ID 103 682
|
| 504 |
|
|
|a Marginálie, kustody
|
| 510 |
4 |
|
|a VD18 1484561X
|
| 546 |
|
|
|a Nemčina
|b Fraktura
|
| 650 |
0 |
7 |
|a opevnenia
|2 SNKPH
|9 2990
|
| 650 |
0 |
7 |
|a vojenstvo
|2 SVKPH
|9 22591
|
| 700 |
1 |
|
|a Hartman, Johann Christoph,
|d 1659-1712
|4 prt
|9 373282
|
| 700 |
|
|
|a Schrey, Jeremias
|b II.
|4 pbl
|9 373283
|
| 752 |
|
|
|a Nemecko
|d Frankfurt nad Odrou
|
| 852 |
|
|
|a snk
|b Zaiova knižnica
|p ID 103 682/prív.3
|
| 958 |
|
|
|a DD
|
| 958 |
|
|
|a ONDV
|
| 999 |
|
|
|c 788813
|d 790743
|
| 952 |
|
|
|t Zay 3420; Z 4191
|a SNK
|b SNK
|c SNK_HF
|y PREZ
|7 0
|p 17A1489248
|o snkID 103682/prív.3
|i snk2025/5212
|8 5
|0 0
|1 0
|4 0
|d 2025-03-24
|l 0
|r 2026-02-24 01:28:23
|w 2026-02-24
|